[Event "Schoeneck"]
[Site "Schoeneck"]
[Date "1996.??.??"]
[Round "1"]
[White "Kachiani Gersinska, Ketino"]
[Black "Klovans, Janis"]
[Result "1-0"]
[WhiteElo "2415"]
[BlackElo "2530"]
[Annotator "Ftacnik,L"]
[PlyCount "87"]
[EventDate "1996.??.??"]
[EventType "tourn"]
[EventRounds "9"]
[EventCountry "GER"]
[SourceTitle "CBM 056"]
[Source "ChessBase"]
[SourceDate "1997.02.01"]
[SourceVersion "1"]
[SourceVersionDate "1997.02.01"]
[SourceQuality "1"]

1. d4 {Baburin} Nf6 2. c4 e6 3. g3 d5 4. Nf3 dxc4 5. Bg2 Nc6 6. Qa4 Bb4+ 7. Bd2
Nd5 8. Bxb4 Ndxb4 9. O-O Rb8 10. Nc3 a6 11. Ne5 O-O (11... Qxd4 12. Nxc6 Nxc6
13. Bxc6+ bxc6 14. Qxc6+ Qd7 15. Qxc4 $14) 12. Bxc6 {Baburin: In the Catalan
this is just a standard exchange, but what makes this game interesting is the
fact that White won in the endgame using the weaknesses in the Black position,
although a pawn down.} Nxc6 13. Nxc6 bxc6 14. Qxc4 (14. Qxc6 Qxd4 (14... Rxb2
$2 15. Qxc4 $14) 15. Rfd1 Qe5 (15... Qb6 16. Qxc4 Qxb2 17. Rab1 $18) 16. Rd2
Rb4 17. Rad1 (17. Rc1 Bb7 18. Qd7 Qc5 19. a3 Rb3 20. Rcc2 h6 21. Qd4 Qxd4 22.
Rxd4 Rb8 23. f3 Bd5 24. Rdd2 Bc6 {1/2-1/2 Gurevich,D-Wojtkiewicz,A/Geneve op 
(08)/1996 (37)}) 17... Bb7 18. Qd7 Qc5 19. Qd4 Qxd4 20. Rxd4 Rxb2 21. Rxc4 {
Rashkovsky,N-Ivanov,Se/RUS-ch Elista (06)/1995/1-0 (56)}) 14... Rxb2 15. Rab1
Rb6 16. Qc5 {Baburin: Here White is a pawn down, nevertheless he has the
advantage, as Black's bishop is very passive.} (16. Na4 Rb5 17. Nc3 {1/2-1/2
Kochyev,A-Lau,R/Dortmund-C (04)/1991}) 16... Re8 {Baburin: the move 16...h6
makes more sense - Black makes an escape square for his king.} (16... h6 17.
Rfd1 (17. a4 a5 18. Rfd1 Ba6 19. e3 Qg5 20. Rxb6 Qxc5 21. dxc5 cxb6 22. cxb6
Rb8 23. Rb1 Bd3 24. Rb2 Kf8 25. e4 Ke7 26. f4 c5 {1/2-1/2 Romanishin,O-Boensch,
U/Berlin op 1990 (40)}) 17... Bd7 (17... Rxb1 18. Rxb1 Qd6 $1 19. Ne4 (19. Qxd6
cxd6 20. Rb6 c5 $10) (19. Rb8 Qxc5 20. dxc5 e5 $13) 19... Qd5 (19... Qxc5 $2
20. Nxc5 $16 {ץc8}) 20. Qxd5 cxd5 21. Nc5 Re8 22. Rb8 Kf8 23. f4 Ke7 24. Kf2 (
24. a4 Bd7 $1) 24... g5 $5 $132 {1/2-1/2 Khalifman,A-Ivanov,Se/St. Peterburg/
1996 (47)}) 18. a4 Qb8 19. a5 Rb2 20. Qa3 (20. Rxb2 $1 Qxb2 21. Rb1 Qd2 22. Rb7
$16) 20... Rxb1 21. Rxb1 Qa7 22. Qb4 (22. Qc5 Qxc5 23. dxc5 Bc8 24. Rb8 e5 25.
f4 exf4 26. gxf4 Be6 27. Rb7 Rd8 28. Rxc7 Rd4 29. e4 Rc4 {1/2-1/2 Horvath,
C-Luther,T/Budapest Kasparov (03)/1991}) 22... c5 23. Qxc5 Qxc5 24. dxc5 Bc6
25. f3 f5 26. f4 Kf7 27. Kf2 g5 28. e3 e5 29. Ke2 Ke6 {0-1 Stummer,A-Luther,T/
Kecskemet (04)/1993 (40)}) (16... Bd7 17. a4 Qb8 18. a5 Rb2 19. Qa3 (19. f3 Re8
20. Kf2 h6 21. Rxb2 Qxb2 22. Rb1 Qc2 23. Rb7 e5 24. dxe5 Qf5 25. Qd4 Rxe5 26.
g4 Qg5 27. Kg3 {1/2-1/2 Horvath,J-Luther,T/Budapest Nuovo (11)/1992 (40)})
19... Rxb1 20. Rxb1 Qa7 21. Qc5 Qxc5 22. dxc5 Bc8 23. f4 f6 24. Kf2 Kf7 25. Rb8
e5 26. Na2 exf4 27. gxf4 Be6 28. Rxf8+ Kxf8 29. Nb4 Bc4 30. Nxc6 {Glodeanu,
I-Vasilescu,L/Bucharest2 (06)/1993/1-0 (90)}) (16... f6 $5 17. a4 Re8 18. a5
Rxb1 19. Rxb1 Qd6 20. Qxd6 cxd6 21. Rb6 (21. Ne4 d5 22. Nd6 Rd8 23. Nxc8 Rxc8
24. Rb6 Kf7 25. Rxa6 c5 26. dxc5 Rxc5 $10) 21... Kf7 22. Rxc6 Ke7 $10) 17. a4
Rxb1 $6 (17... f6 18. a5 Rxb1 19. Rxb1 Qd6) 18. Rxb1 Qd6 {Black will be
surprised by the difficulties he can face in an endgame with a spare pawn.
Schwarz wird von den Schwierigkeiten überrascht werden, die ihm ein Endspiel
mit Mehrbauern bereitet.} (18... Qd7 19. Rb8 $44) 19. Qxd6 cxd6 20. Ne4 d5 (
20... Rd8 21. Rb8 Kf8 22. Nxd6 Rxd6 23. Rxc8+ Ke7 24. e3 $16) 21. Nd6 Rf8 (
21... Rd8 $2 22. Rb8 $18) 22. Rb8 Bd7 23. Rb7 Rd8 (23... Bc8 $2 24. Rc7 $18)
24. Rc7 Be8 25. Nb7 Ra8 (25... Rb8 26. a5 Kf8 27. f3 $14) 26. a5 Rb8 (26... Ra7
27. Rc8 Kf8 28. Nd6 Re7 29. Ra8 $16) 27. f3 Kf8 28. Kf2 Ra8 29. Nc5 Rb8 (29...
g6 30. Ke3 Kg8 31. Kf4 $16) 30. Nb7 (30. Nxa6 $2 Ra8 31. Nb4 Rxa5 32. Nxc6 $10)
30... Ra8 31. Nc5 Rb8 32. Ra7 Rb4 33. Ke3 e5 (33... Rb5 34. Rxa6 Ke7 35. Ra8
$16) 34. dxe5 Rb5 35. Kd4 Rxa5 36. e6 $1 {Klaovans have managed to destroy Pa5,
but white pieces are ideally coordinated. Klovans ist es gelungen, den Pa5 zu
eliminieren, aber die weißen Kräfte sind ideal koordiniert.} fxe6 (36... Ra1
37. e7+ Kg8 38. Ra8 $18) (36... f6 37. f4 (37. e7+ Kf7 38. Nb7 Ra4+ 39. Kc5
Kxe7 40. Nd6+ Bd7 41. Nf5+ $10) 37... Ra2 38. e3 $16) 37. Nxe6+ Kg8 38. Rxg7+
Kh8 39. Rc7 Kg8 40. Ke5 Ra2 (40... d4+ 41. Kf6 Rh5 42. Rc8 Rh6+ 43. Ke7 $18)
41. Kf6 Rxe2 42. Rc8 Rxe6+ 43. Kxe6 Kf8 44. f4 (44. f4 d4 45. f5 d3 46. f6 d2
47. f7 $18) 1-0

[Event "RUS-ch"]
[Site "Elista"]
[Date "1995.??.??"]
[Round "4"]
[White "Fominyh, Alexander"]
[Black "Sveshnikov, Evgeny"]
[Result "1-0"]
[WhiteElo "2515"]
[BlackElo "2580"]
[Annotator "Ftacnik,L"]
[PlyCount "61"]
[EventDate "1995.10.??"]
[EventType "swiss"]
[EventRounds "11"]
[EventCountry "RUS"]
[SourceTitle "CBM 050"]
[Source "ChessBase"]
[SourceDate "1996.02.01"]
[SourceVersion "1"]
[SourceVersionDate "1996.02.01"]
[SourceQuality "1"]

1. d4 {Belov} d5 2. c4 e6 3. Nf3 Nf6 4. g3 dxc4 5. Bg2 a6 6. Ne5 Bb4+ (6... c5
{Belov}) 7. Nc3 Nd5 8. Bd2 b5 (8... Nb6 {Belov} 9. e3 N8d7 10. Nxd7 Qxd7 11.
Ne4 Bxd2+ 12. Nxd2 O-O 13. Qc2 e5 $10 {Bandza,A-Kaidanov,G/Torcy/1991/0,5/22/})
9. O-O (9. a4 Bxc3 10. bxc3 f6 11. e4 Ne7 12. Ng4 Bb7 13. Qb1 c6 14. Ne3 Qc8
15. O-O O-O 16. Bc1 Re8 17. Ba3 {Tukmakov,V-Lputian,S/Rostov/1993/0,5/57/} Nd7
18. Bh3 $5 {Tukmakov,V-Lputian,S/Rostov na Donu/1993/1/2-1/2 (57)} (18. Rd1 $5)
) 9... Bxc3 10. bxc3 f6 {N/} (10... O-O 11. e4 (11. a4 c6 12. e4 Nb6 13. axb5
cxb5 14. f4 Bb7 15. f5 exf5 16. Rxf5 f6 17. Ng4 {Szymczak,Z-Chekhov,V/Polanica
Zdroj/1981/1:0/32/} Nc6 18. Rf2 Ne7 19. Qe2 Qd7 20. Bh3 Qe8 {Szymczak,
Z-Chekhov,V/Polanica Zdroj/1981/1-0 (32)}) 11... Nb6 $17 {Gulko,B-Panchenko,AN/
USSR/1981/} (11... Ne7 12. a4 c6 13. Bc1 Nd7 14. Nxd7 Bxd7 15. Ba3 Re8 16. Re1
{Razuvaev,Y-Sveshnikov,E/URS-ch/1978/0,5/37/} Nc8 17. Qh5 Nb6 18. a5 Na4 19.
Re3 c5 20. dxc5 e5 21. Rd1 {Razuvaev,Y-Sveshnikov,E/URS-ch46 Tbilis/1978/1/2-1/
2 (37)})) 11. e4 Ne7 (11... fxe5 12. exd5 exd4 13. dxe6 c6 14. Qh5+ g6 15. Qe5
$16) (11... Nb6 $2 12. Qh5+ Ke7 13. Qf7+ Kd6 14. Ng6 $18) 12. Ng4 (12. Bh6 Rg8
(12... fxe5 13. Bxg7 Rg8 14. Qh5+ Kd7 15. Bxe5 Bb7 $15) (12... gxh6 13. Qh5+
Ng6 14. Nxg6 hxg6 15. Qxg6+ Kf8 16. e5 $13) 13. Ng4 e5 14. Be3 exd4 $15) 12...
c6 (12... e5 $5 13. d5 c6 $15) 13. a4 O-O 14. axb5 cxb5 15. e5 $1 {White
clearly has to open diagonals and files for his long reaching pieces.} (15. Bc1
{Belov} Bb7 16. Ba3 Re8 $13) 15... Nd5 (15... Nbc6 16. exf6 gxf6 17. Bh6 (17.
Re1 $44 {Belov}) 17... Rf7 18. Bg5 $1 fxg5 19. Nh6+ Kg7 20. Nxf7 Kxf7 21. Bxc6
Nxc6 22. Qf3+) (15... Ra7 {Belov} 16. exf6 gxf6 17. Bh6 Rf7 18. Bf4 $16) 16.
exf6 gxf6 17. Ne3 Nc6 (17... Re8 18. Qh5 Bb7 19. Ng4 Re7 20. Bxd5 Bxd5 21.
Nxf6+ $16) (17... Bb7 {Belov} 18. Qg4+ Kh8 19. Qxe6 $16) (17... Nxe3 {Belov}
18. Bxe3 Ra7 19. d5 Rd7 20. Bh6 Re8 21. Qg4+ Kh8 22. dxe6 $16) 18. Nxd5 exd5
19. Re1 (19. Qh5 Be6 20. Bh6 Rf7 21. Rfe1 Qd7 22. Rxe6 Qxe6 23. Bxd5 Qd7 24.
Re1 $16) 19... Rf7 $6 {It is not the defenders fault, that this innocent move
invites catastrophy. More important than the vulnerability of the 7th rank
will be the problem alongside the 8th.} (19... Bb7 20. Qh5 Ne7 21. Re6 $40 (21.
Re6 {Belov} Ng6 22. Rae1 Qd7 $13)) 20. Qh5 f5 (20... Ne7 21. Bc1 (21. Rxe7 Qxe7
22. Bxd5 Bb7 23. Bxf7+ Qxf7 24. Qxf7+ Kxf7 25. Re1 $14) (21. Bh6 {Belov} Bb7
22. Re6 Qd7 23. Rae1 Ng6 $13) 21... Bb7 22. Ba3 $40) 21. Bxd5 $3 Qxd5 22. Re8+
Rf8 (22... Kg7 23. Qh6#) 23. Bh6 Bb7 (23... Be6 24. Rxf8+ Rxf8 25. Qg5+ Kf7 26.
Qg7+ $18) (23... Rxe8 {Belov} 24. Qxe8#) (23... Bd7 {Belov} 24. Qg5+ Kf7 25.
Rxf8+ Rxf8 26. Qg7+ Ke6 (26... Ke8 27. Qxf8#) 27. Re1+ Kd6 28. Bf4+ Ne5 29.
Bxe5+ Kc6 30. Qxf8 $18) 24. Rxf8+ (24. Bxf8 {Belov} Rxe8 25. Qxe8 Qf7 26. Qxf7+
Kxf7 27. Bc5 $16) 24... Rxf8 25. Qg5+ Kf7 26. Qg7+ Ke8 27. Re1+ (27. Qxf8+ {
Belov} Kd7 28. Qg7+ Kc8 29. Qf8+ Nd8 $132) 27... Kd8 28. Qxb7 (28. Qxf8+ Kc7
29. Bf4+ Kb6 30. Qd6 $18) 28... Rg8 (28... Rf6 29. Bg5 $18) (28... Re8 {Belov}
29. Qa8+ $18) 29. Bf4 Qd7 30. Qb6+ Kc8 31. d5 $1 (31. Re7 Qxe7 32. Qxc6+ Kd8
33. Qa8+ Kd7 34. Qxg8 $18) (31. d5 {Belov} Qxd5 (31... Nd8 32. Qb8#) 32. Qc7#)
1-0

[Event "Helsinki op"]
[Site "Helsinki"]
[Date "1992.??.??"]
[Round "3"]
[White "Kachiani Gersinska, Ketino"]
[Black "Sokolov, Andrei"]
[Result "1/2-1/2"]
[WhiteElo "2360"]
[BlackElo "2605"]
[Annotator "Ftacnik,L"]
[PlyCount "70"]
[EventDate "1992.09.??"]
[EventType "swiss"]
[EventRounds "9"]
[EventCountry "FIN"]
[SourceTitle "CBM 032"]
[Source "ChessBase"]
[SourceDate "1993.02.01"]
[SourceVersion "1"]
[SourceVersionDate "1993.02.01"]
[SourceQuality "1"]

1. d4 Nf6 2. c4 e6 3. g3 d5 4. Nf3 dxc4 5. Bg2 c5 6. O-O Nc6 7. Ne5 (7. dxc5
Qxd1 8. Rxd1 Bxc5 9. Nbd2 c3 10. bxc3 Bd7 11. Ng5 Be7 12. Nde4 Nxe4 13. Nxe4
Na5 14. Nd6+ Bxd6 15. Rxd6 O-O-O 16. Rd4 {Gurevich,D-Sokolov,A/Saint Martin/
1992/} Bc6 $10) 7... Bd7 8. Na3 Nd5 9. Naxc4 $5 (9. Nxc6) 9... Nxd4 (9... cxd4
10. Nxc6 Bxc6 11. Qxd4 $36) 10. Be3 $1 Nc6 (10... Nxe3 11. fxe3 Nc6 12. Nxf7
$16) 11. Bxd5 exd5 12. Qxd5 Be6 13. Qxd8+ Nxd8 14. Rac1 b6 15. h4 (15. Nd3 Be7
16. Nf4 $14) 15... Be7 16. a4 (16. Nd3) 16... f6 17. Nd3 Nc6 18. Nf4 Bf7 19.
Rfd1 O-O 20. Nd5 Rfd8 21. Nxe7+ Nxe7 22. Rxd8+ Rxd8 23. a5 Nf5 24. axb6 Bxc4 $1
(24... Nxe3 25. fxe3 Bxc4 26. bxa7 Bxe2 27. Rxc5 Bf3 28. Rc7 $44) 25. bxa7 $1
$44 (25. Rxc4 Nxe3 26. fxe3 axb6 $15) 25... Bxe2 26. Bxc5 (26. Rxc5 Bf3) 26...
Bf3 27. b4 Kf7 28. b5 Rd2 (28... Rc8 29. Rc3 Bd5 30. b6 Nd6 31. f3 Nb7 32. Bd4)
29. h5 Nd4 30. Bxd4 Rxd4 31. Rb1 (31. b6 Ke6 32. Rb1 Bb7 33. a8=Q $1 $10) 31...
Ke6 32. b6 Bb7 33. a8=Q Bxa8 34. b7 Bxb7 35. Rxb7 Rd7 1/2-1/2

[Event "Zuerich Chess Challenge"]
[Site "Zuerich"]
[Date "2013.02.28"]
[Round "5"]
[White "Gelfand, Boris"]
[Black "Anand, Viswanathan"]
[Result "1/2-1/2"]
[WhiteElo "2740"]
[BlackElo "2780"]
[Annotator "Ftacnik,L"]
[PlyCount "80"]
[EventDate "2013.02.23"]
[EventType "tourn"]
[EventRounds "6"]
[EventCountry "SUI"]
[EventCategory "21"]
[SourceTitle "CBM 153"]
[Source "ChessBase"]
[SourceDate "2013.03.14"]
[SourceVersion "1"]
[SourceVersionDate "2013.03.14"]
[SourceQuality "1"]

1. d4 Nf6 2. c4 e6 3. Nf3 d5 4. g3 dxc4 5. Bg2 c5 6. O-O Nc6 7. Qa4 Bd7 8. Qxc4
b5 9. Qd3 c4 {Anand was most likely using one of the lines prepared for the
match against Gelfand. These great players will unlikely to meet again in the
battle for the world crown, so using "secrets" is not that dangerous.} (9...
Rc8 10. dxc5 Bxc5 {Is usually considered the main position worth serious
practical investigation.}) 10. Qd1 Rc8 (10... Be7 11. a4 a6 12. axb5 axb5 13.
Rxa8 Qxa8 14. Ne5 O-O 15. Nxd7 Nxd7 16. d5 exd5 17. Qxd5 Ndb8 18. Qxb5 $18 {
1-0 (47) Lukasiewicz,G (2270)-Sliwa,B (2280) Myslenice 1988}) 11. Nc3 b4 12.
Na4 {Black is actively fighting against the dangerous white knight on c3. Part
of the attraction for the defender might be the tempting idea of 12.d5 when
the unplayed 12...Nde7!? might lead to unpleasant counterplay with the c-pawn.}
(12. d5 Nb8 (12... Ne7 $5 13. dxe6 fxe6 14. Nb1 c3 $1 $132) 13. dxe6 fxe6 14.
Nb1 Qa5 15. Nbd2 (15. Bf4 Be7 16. Nbd2 O-O 17. Bxb8 Rxb8 18. Nxc4 Qa6 19. Nfe5
Bb5 20. b3 $14 {1-0 (63) Gross,G (1871)-Becking,S (2402) Germany 2008}) 15...
Be7 16. b3 cxb3 17. Nxb3 Qh5 18. Bb2 O-O 19. Ne5 Ng4 20. Nxg4 Qxg4 21. Qd4 Qxd4
22. Bxd4 $14 {0-1 (36) Holemar,D (2326)-Jurasek,M (2299) Czechia 2008}) 12...
Be7 (12... Qa5 13. a3 bxa3 14. Bd2 Qb5 15. Nc3 Qb6 16. bxa3 Nxd4 17. Nxd4 Qxd4
18. Qc2 Qe5 {0-1 (43) Radulov,I (2405)-Inkiov,V (2475) Sofia 1991} 19. Rfd1 Be7
20. Rab1 $11) 13. Bg5 h6 {[%mdl 4] The only real precedent in this position
was the game between lesser Dutch players, that was not played very exactly.
Anand would like to see his bishop on f6 for the counterplay on the dark
squares.} (13... O-O 14. e3 Na5 15. Re1 Qe8 (15... h6 16. Bxf6 Bxf6 17. Qc2 Bc6
$11) 16. Nc5 Bxc5 17. Bxf6 Ba4 18. b3 cxb3 (18... gxf6 $1 19. dxc5 Bc6 $11) (
18... Bb6 19. bxa4 gxf6 20. d5 Rd8 21. Nd4 f5 $11) 19. axb3 (19. Nd2 $1 gxf6
20. dxc5 b2 21. Qg4+ Kh8 22. Rab1 $14) 19... Nxb3 {1/2 (27) Eising,J (2355)-De
Wit,J (2395) Amsterdam 1984} 20. Nd2 gxf6 21. Nxb3 Bb6 22. Qg4+ Kh8 23. Qh4 $11
) 14. Bxf6 Bxf6 (14... gxf6 15. Re1 Qa5 16. Nc5 Bxc5 17. dxc5 Qxc5 18. Nd2 $44)
15. a3 O-O 16. e3 $1 {The exchange of the pawn on b4 could be very desirable,
but it would fail to a nice tactical idea. Gelfand is correctly keeping the
tension and lets Black decide about the best way to defend.} (16. axb4 Nxd4 $1
17. Nxd4 Bxa4 18. Qxa4 Qxd4 $11) 16... a5 $6 {In the future the choice of the
world champion will hardly find many followers. It was much wiser to sacrifice
the pawn fo the piece activity, that would promise approximate equality.} (
16... bxa3 $5 17. Rxa3 Nb4 18. Nc5 Bc6 19. Rxa7 Qb6 20. Ra1 Be7 21. Na4 Qb7 $11
) 17. Nc5 Be8 (17... bxa3 18. bxa3 Nb8 19. Nxd7 Nxd7 20. Qc2 Qc7 21. Rfc1 e5
22. Rab1 exd4 23. Nxd4 $14) 18. Rc1 (18. axb4 Nxb4 19. Qe2 Be7 20. Qxc4 Qb6 21.
Rfc1 Bb5 22. Qc3 Nd3 23. Rcb1 Nxc5 24. dxc5 Rxc5 25. Qxa5 Qxa5 26. Rxa5 Rb8 $11
) 18... Na7 $2 {The moment of emotional panic, as Anand was unable to find
real equality. The knight retreat to a7 is anti-positional and does not even
pretend to aspire for the title of the best move. It was much more sensible to
include the move undermining White's pawn structure 8...e5!?} (18... c3 19.
bxc3 bxa3 20. Ne1 (20. Qb3 Be7 21. Qxa3 Nb8 22. Qa1 Bxc5 23. dxc5 Na6 $11)
20... Be7 21. Ned3 Nb8 22. Qb3 Nd7 23. Nxd7 Bxd7 24. c4 $14) (18... e5 $5 19.
Rxc4 exd4 20. exd4 Na7 21. Nb7 Qb6 22. Rxc8 Nxc8 23. Ne5 bxa3 24. bxa3 Na7 25.
Nc4 Qxd4 26. Qxd4 Bxd4 27. Nbxa5 $14) 19. axb4 axb4 20. Rxc4 $6 {It is much
easier to find the courageto criticise the best players in the world with the
help of objective, cold chess engines. Gelfand chooses a good, but surely not
the best move in the position, as two other ideas could have aspired to that
title.} (20. Nd2 $1 Bb5 (20... Rxc5 $2 21. dxc5 Bxb2 22. Nxc4 Qxd1 23. Rcxd1
$18) (20... e5 21. Nb7 Qe7 22. dxe5 Bxe5 23. Nxc4 Bb5 24. Nba5 $16) 21. Nxc4 e5
22. Nb7 Qe7 23. dxe5 Bxe5 24. Nba5 Bf6 (24... Bc7 25. Re1 $16) 25. Qb3 Rc7 26.
Rfd1 $16) (20. Qe1 $5 Rb8 (20... Rxc5 21. dxc5 Bxb2 22. Rxc4 Bc3 23. Rxc3 bxc3
24. Qxc3 Bc6 25. Nd4 $16) (20... e5 21. Nb7 Qb6 22. Nxe5 c3 23. Nd3 (23. bxc3
Bxe5 24. dxe5 Bb5 25. Nd6 Rxc3 26. Rxc3 Bxf1 27. Rc1 Bxg2 28. Kxg2 Nc6 $14)
23... Bc6 24. Nbc5 $16) 21. Qd2 Bb5 22. Qxb4 Qe7 23. Rfe1 $16) 20... Bb5 21.
Rxb4 Bxf1 22. Qxf1 Nc6 (22... e5 23. Rb7 exd4 (23... Rc7 24. dxe5 Be7 25. Rxc7
Qxc7 26. Nd3 $16) 24. Nd7 dxe3 25. Rxa7 (25. Nxf8 Rc7 $11) 25... Qe7 26. fxe3
Bxb2 27. Qf2 $14) 23. Rb7 {A subtle, but significant inaccuracy, as White had
much better play if he had kept his rook on the board.} (23. Rc4 $1 Qe7 24. Qc1
$14) 23... Rc7 $1 24. Qa6 (24. Rxc7 Qxc7 25. Qc4 Qa5 $11) 24... Rxb7 25. Qxb7 (
25. Nxb7 Qc7 26. Nc5 e5 27. Nxe5 Nxe5 28. dxe5 Qxc5 29. exf6 Rb8 $11) 25... Qa8
$1 {Anand can afford to offer the queen exchange on the nearly forbidden
square a8. Fortunately for him White can not really benefit from the pressure
along a8-h1 diagonal due to the check on a1.} 26. Qxa8 (26. Qc7 Rc8 27. Qd7 Rd8
$11) 26... Rxa8 27. Ne1 (27. Kf1 Nb4 28. Nd2 Ra7 $11) 27... Ra1 28. Bxc6 (28.
Kf1 Nb4 29. Ke2 Bd8 30. Ned3 Nxd3 31. Nxd3 $11) 28... Rxe1+ 29. Kg2 Rb1 30. Nd3
$1 {The smoke has cleared and the game has drifted into a positional draw,
since neither side can hope to improve the position without undue risk.} (30.
b3 Be7 31. Ba4 Bxc5 32. dxc5 Kf8 $15) 30... Rd1 31. Bb5 Be7 (31... g5 32. b3
Rb1 33. Bc4 $11) 32. h4 g6 33. Bc4 Kg7 34. b3 $1 {Black will be unable to come
closer with any of his other pieces, so the active rook alone has no chance to
do any real harm.} h5 35. Kf3 Rd2 36. Nf4 (36. b4 Kf6 37. Nc5 Bxc5 38. bxc5 Ke7
$11) 36... Bd6 37. Ne2 Rc2 38. Bd3 Rb2 39. Bc4 Rc2 40. Bd3 Rb2 {The opening
phase of the game was very exciting and offers new material for investigation.}
1/2-1/2

[Event "Interpolis-01"]
[Site "Tilburg"]
[Date "1977.09.25"]
[Round "3"]
[White "Sosonko, Gennadi"]
[Black "Karpov, Anatoly"]
[Result "1/2-1/2"]
[WhiteElo "2530"]
[BlackElo "2690"]
[Annotator "Ftacnik,L"]
[PlyCount "77"]
[EventDate "1977.09.23"]
[EventType "tourn"]
[EventRounds "11"]
[EventCountry "NED"]
[EventCategory "14"]
[SourceTitle "MCL"]
[Source "ChessBase"]
[SourceDate "1999.07.01"]
[SourceVersion "1"]
[SourceVersionDate "1999.07.01"]
[SourceQuality "1"]

1. d4 Nf6 2. c4 e6 3. g3 d5 4. Bg2 dxc4 5. Nf3 a6 6. O-O Nc6 7. e3 Nb4 (7...
Rb8 {P 8...b5} 8. Nfd2 Na5 9. Qa4+ c6 10. Ne4 $16 (10. b4 $5 cxb3 11. axb3 $16)
) (7... Bd7 $142) 8. Ne5 c5 9. a3 Nbd5 (9... Nd3 10. Nxd3 cxd3 11. Qxd3 cxd4
12. exd4 Be7 13. Nc3 O-O 14. Bf4 $36) 10. dxc5 Qc7 (10... Bxc5 $2 11. e4) 11.
Nxc4 Qxc5 (11... Bxc5 12. Qe2 {P 13.e4 , 13.b3,14. b2} (12. e4 Ne7 13. Bf4
Bxf2+ 14. Rxf2 Qxc4 15. Nc3 $40 {+/-})) 12. b3 (12. Nbd2 {Pb4, b2, c1}) 12...
b5 (12... Be7 13. e4 {P 14. e3}) 13. Na5 Qc7 14. b4 Bb7 $2 (14... Be7 $142 15.
Bb2 O-O 16. Nd2 Bb7 17. Rc1 $16) 15. e4 Nb6 16. Bf4 e5 17. Nxb7 Rc8 (17... Qxb7
18. Bxe5) (17... exf4 18. e5) 18. Qe2 (18. Na5 exf4 19. e5 $40) 18... Nfd7 $8 (
18... Nc4 19. Nd2 Nxd2 20. Qxd2 exf4 21. e5 $18) 19. Nc5 exf4 20. Nxa6 Qe5 (
20... Qa7 21. Qxb5 $18) 21. Nd2 fxg3 22. hxg3 Be7 23. Nf3 Qh5 24. e5 $1 {
P 25. b5, 25.e6} Nc4 (24... O-O 25. Qxb5 $16) 25. e6 fxe6 26. Qxe6 Qf7 27. Ng5
$2 (27. Qe2 $142 $1 {P 28. e1+-} Rc6 (27... O-O 28. Bh3 $1 Qxf3 29. Qxe7 $18)
28. Ng5 $18) 27... Qxe6 28. Nxe6 Kf7 29. Rfe1 $2 (29. Nec7 $18 {[+]}) 29... Bf6
30. Rad1 (30. Ra2 $142 Rhe8 31. Bd5 Ncb6 32. Ng5+ $18 Kf8 (32... Kg6 33. Bf7+)
33. Nxh7#) 30... Ndb6 31. Nac7 (31. Bh3 Nxa3 32. Nf4 {P 33. e6+}) 31... Nxa3
32. Nd5 Nac4 33. Nxb6 $2 (33. Nxf6 $142 gxf6 (33... Kxf6 34. Nd4) 34. Nd4 Nd6
35. Bc6 $18) 33... Nxb6 34. Rd6 Rb8 35. Nc7 Rhd8 36. Rxd8 Rxd8 (36... Bxd8 37.
Nxb5 Be7 38. Rb1 Na4 39. Bf1 $16) 37. Nxb5 Be7 38. Na7 $2 (38. Rb1 $142 Nd5 (
38... Nc4 39. Na7 Nd2 40. Rd1 {P 41. c6+-}) 39. Bxd5+ Rxd5 40. Na7 $1 $16)
38... Bxb4 39. Nc6 1/2-1/2